000 00625nam a2200241Ia 4500
003 OSt
005 20220918190310.0
006 a|||||r|||| 00| 0
007 ta
008 220917b |||||||| |||| 00| 0 eng d
024 _a55,885
037 _cTextual
040 _aARTS
_cARTS
_beng
041 _2eng
_aeng
082 _aP31,35:3, 111N2
100 _aPillai N N
_971873
245 0 _aSyntactic study of Tamil verbs
260 _aMysore
_bC I I Languages
_c1992
300 _a278p.
_ccm.
650 _aLINGUISTICS
942 _hP31,35:3, 111N2
_cTEXL
_2CC
999 _c184289
_d184289